Faith Versus Materialism: (Record no. 20059)

MARC details
000 -LEADER
fixed length control field 00624nam a22002057a 4500
003 - CONTROL NUMBER IDENTIFIER
control field BDDh-ASL
005 - DATE AND TIME OF LATEST TRANSACTION
control field 20231015025835.0
008 - FIXED-LENGTH DATA ELEMENTS--GENERAL INFORMATION
fixed length control field 201224s1976 ii ||||| |||| 00| 0 eng d
040 ## - CATALOGING SOURCE
Transcribing agency BDDh-ASL
082 ## - DEWEY DECIMAL CLASSIFICATION NUMBER
Classification number 211.6
Item number NAF
100 1# - MAIN ENTRY--PERSONAL NAME
9 (RLIN) 2575
Personal name Nadwi, S. Abul Hasan Ali
245 10 - TITLE STATEMENT
Title Faith Versus Materialism:
Remainder of title (The Message of Surat-ul-Kahf) /
260 ## - PUBLICATION, DISTRIBUTION, ETC.
Place of publication, distribution, etc. India:
Name of publisher, distributor, etc. Islamic Research and Publications,
Date of publication, distribution, etc. 1976.
300 ## - PHYSICAL DESCRIPTION
Extent 109 p.:
Dimensions 22 cm.
504 ## - BIBLIOGRAPHY, ETC. NOTE
Bibliography, etc. note Include Bibliographical References and Index
650 #0 - SUBJECT ADDED ENTRY--TOPICAL TERM
9 (RLIN) 1652
Topical term or geographic name entry element Islam
650 #0 - SUBJECT ADDED ENTRY--TOPICAL TERM
9 (RLIN) 2577
Topical term or geographic name entry element Surat-ul-Kahf
700 1# - ADDED ENTRY--PERSONAL NAME
9 (RLIN) 2576
Personal name Ahmad, Mohiuddin
942 ## - ADDED ENTRY ELEMENTS (KOHA)
Source of classification or shelving scheme Dewey Decimal Classification
Koha item type Books
Holdings
Withdrawn status Lost status Source of classification or shelving scheme Damaged status Not for loan Collection code Home library Current library Shelving location Date acquired Source of acquisition Total Checkouts Full call number Barcode Date last seen Copy number Price effective from Koha item type
    Dewey Decimal Classification     Non-fiction Asiatic Society Library Asiatic Society Library General Stacks 12/24/2020 Donated by Prof. Husniara Huq   211.6 NAF 103463 12/24/2020 C-1 12/24/2020 Books

Powered by Koha